| 000 | 00328nam a2200121Ia 4500 | ||
|---|---|---|---|
| 008 | 220204s9999 xx 000 0 und d | ||
| 082 |
_a336.215 _bGAR |
||
| 100 | _aGARG, Dinesh Chandra | ||
| 245 | 0 | _aGarg's income tax reckoner | |
| 260 |
_aDelhi _bLaw managament house _c1979 |
||
| 650 | _aIncome tax ready reckoner | ||
| 942 | _cBK | ||
| 999 |
_c25923 _d25923 |
||